000
00320nam a2200133Ia 4500
008
190216s9999||||xx |||||||||||||| ||und||
100
_a
Sharma Dp And Desai. V.V
245
0
_a
Rural Economy Of India
250
_a
1st Ed.
260
_b
Vikas Publishing House
_c
1980
300
_a
382
650
_a
Economics
942
_c
BK
999
_c
9542
_d
9542